01134 2200313 4500001002100000005001500021035002000036007000300056008004100059020001800100082001100118084001700129100002400146245003100170250001400201300005400215650001900269650000900288264003400297336002100331337003000352338002300382520036000405990001100765990001100776990001100787990001100798990001100809INLIS00000000001933720260429104707 a0010-0123000220ta260429 g 0 ind  a979-526-239-4 a621.31 a621.31 SUR t0 aSuryatmoePengarang1 aTeknik Listrik Arus Searah acetakan 8 aviii + 179 halaman :bIlustrasi (grafis) ;c21 cm 4aTeknik Listrik 4aArus aJakarta :bBumi Aksara,c2016 2rdacontentaTeks 2rdamediaaTanpa Perantara 2rdacarrieraLembar aBuku ini membahas materi dasar mengenai arus listrik searah, komponen, dan hukum-hukum kelistrikan dengan pendekatan praktis.fokus pada teori dan aplikasi praktis mesin listrik DC, mencakup generator, motor, dan karakteristik operasionalnya. Banyak perpustakaan universitas memiliki diktat khusus mengenai konsep dasar listrik arus searah dan rangkaiannya a071176 a071177 a071178 a026245 a026244